| 000 | 00934nam a2200265Ia 4500 | ||
|---|---|---|---|
| 003 | OSt | ||
| 005 | 20220923211456.0 | ||
| 006 | a|||||r|||| 00| 0 | ||
| 007 | ta | ||
| 008 | 220922b |||||||| |||| 00| 0 pan d | ||
| 020 |
_a9789351122333 (hbk) _c150 |
||
| 024 | _a349,546 | ||
| 037 |
_b176, 15/02/2019, National Book Shop _cTextual |
||
| 040 |
_aARTS _cARTS _bpan |
||
| 041 |
_2pan _apan |
||
| 082 | _aO153,1N74x, Q7 | ||
| 100 |
_aਸਾਹਿਰ, ਅਖ਼ਗ਼ਲ, ਂਚ. _9156349 |
||
| 245 | 0 | _aਨਾਲ ਸੱਜਣ ਦੇ ਰਹੀਏ | |
| 260 |
_aਲੁਧਿਆਨਾ _b ਚੇਤਨਾ ਪ੍ਰਕਾFਨ _c2017 |
||
| 300 |
_a95ਪ੍ਰ0 _ccm. |
||
| 650 | _a ਪੰਜਾਬੀ ਕਾਵਿ | ||
| 650 | _aਪੰਜਾਬੀ ਸਾਹਿਤ | ||
| 942 |
_hO153,1N74x, Q7 _cTEXL _2CC |
||
| 999 |
_c299921 _d299921 |
||